000 00735nam a22002297a 4500
003 UA-OsUOA
001 36511
007 ta
008 20061001b un ||||| |||| 00| 0 ukr d
090 _a050/016
_bУ45
942 _cMG
040 _aUA-OsUOA
_bukr
_cUA-OsUOA
_dUA-OsUOA
245 _aУкрапрес.
_bогляд української преси.
300 _a31 с.
955 _a1
041 _aukr
080 _a050/016
260 _aGreeley
_c1985
310 _aVol. IV, травень-липень 1985, №30.
650 7 _a050 Серійні публікації. Періодика галузі, Організація та інші типи поєднання (співробітництва)
_2UDC
999 _c435037
_d435037